000 00297nam a22001337a 4500
008 170712b xxu||||| |||| 00| 0 eng d
020 _a090129017003
041 _aeng
080 _a038
100 _a23
101 _aFJA
245 _aRANDOM HOUSE COLLEGE THASAURUS
_cSTEIN, J
942 _2udc
_cBK
999 _c20270
_d20270